الفارابي الالاهيات عند الفارابى

Saved in:

Main Author: عبدالكريم المراق.

Format: Book

Language: Undetermined

Published: Baghdad Al-huria Press 1975

Tags: Add Tag

No Tags, Be the first to tag this record!

Call Number: A99 FARA

LEADER 00385nam a2200121Ia 4500
008 240404s9999||||xx |||||||||||||| ||und||
050 4 |a A99 FARA 
100 1 |a عبدالكريم المراق. 
245 1 0 |a الفارابي  |b الالاهيات عند الفارابى  |c عبدالكريم المراق 
264 1 |a Baghdad  |b Al-huria Press  |c 1975 
300 |a 39  |c 24 
942 |2 lcc  |c BK 
999 |c 58058  |d 58058